000 00329 a2200133 4500
001 154202
040 _cEscola São Tomás de Aquino
100 _aGARCIA, Auxiliadora Magalhães
240 1 0 _aOs Deuses não dormem
_lpor
245 1 0 _aOs Deuses não dormem
362 0 _a1999
697 _aLITERATURA BRASILEIRA
942 _cBK
999 _c154202
_d154202